000 00572nam a2200121Ia 4500
008 220615s9999||||xx |||||||||||||| ||und||
245 0 _aSurveying Human Vulnerabilities across the Life Course
546 _aEnglish[eng]
650 _aSociology
700 _aOris, Michel||Roberts, Caroline||Joye, Dominique||Ernst Stähli, Michèle
856 _uhttps://library.oapen.org/bitstream/20.500.12657/27953/1/1002046.pdf||https://library.oapen.org/bitstream/20.500.12657/27953/1/1002046.pdf||https://library.oapen.org/bitstream/20.500.12657/27953/1/1002046.pdf
942 _cEB
999 _c10974
_d10974